Quiz Mémo-historique français - Statistiques

Statistiques générales
  • Ce quiz a été pris 4 fois
  • Le résultat moyen est 28 sur 44
Statistiques - réponses
Siècle Catégorie Réponse % Correct
XV (15e) Invention technique Invention de l'imprimerie par Johannes Gutenberg
100%
XVII (17e) Découverte scientifique Découverte de la gravité par Isaac Newton
67%
XX (20e) Découverte scientifique Découverte de la relativité restreinte par Albert Einstein
67%
XVIII (18e) Découverte scientifique Découverte de l'électricité par Benjamin Franklin
67%
XVI (16e) Découverte scientifique Découverte de l'héliocentrisme par Nicolas Copernic
67%
XV (15e) Découverte scientifique Découverte des Amériques par Colomb
67%
XV (15e) Auteur-e important-e François Villon
67%
XVI (16e) Œuvre importante "Gargantua" de François Rabelais
67%
XIX (19e) Auteur-e important-e Honoré de Balzac
67%
XIX (19e) Évènement historique IIème république
67%
XVI (16e) Invention technique Invention de la carte du monde en projection plane par Gerardus Mercator
67%
XVIII (18e) Invention technique Invention de la machine à vapeur améliorée par James Watt
67%
XX (20e) Invention technique Invention de l'ordinateur par Alan Turing
67%
XVII (17e) Invention technique Invention du télescope par Hans Lippershey (perfectionné par Galilée)
67%
XIX (19e) Invention technique Invention du vaccin par Louis Pasteur
67%
XV (15e) Évènement historique Jeanne d'Arc mène l'armée française à la victoire à Orléans
67%
XV (15e) Œuvre importante "La Farce de Maitre Pathelin"
67%
XVII (17e) Évènement historique La Fronde
67%
XVI (16e) Mouvement artistique (1) La pléiade
67%
XVI (16e) Mouvement artistique (2) La Renaissance
67%
XX (20e) Évènement historique La Seconde guerre mondiale
67%
XVII (17e) Mouvement artistique (2) Le Baroque
67%
XVII (17e) Mouvement artistique (1) Le Classicisme
67%
XV (15e) Mouvement artistique (2) Le gothique flamboyant
67%
XVIII (18e) Œuvre importante "L'encyclopédie" par Diderot et d'Alembert
67%
XX (20e) Mouvement artistique (3) Le Nouveau Roman
67%
XIX (19e) Mouvement artistique (2) Le Réalisme
67%
XIX (19e) Mouvement artistique (1) Le Romantisme
67%
XVIII (18e) Mouvement artistique (2) Les Libertins
67%
XVIII (18e) Mouvement artistique (1) Les Lumières
67%
XIX (19e) Œuvre importante "Les Misérables" de Victor Hugo
67%
XX (20e) Mouvement artistique (1) Le Surréalisme
67%
XIX (19e) Mouvement artistique (3) Le Symbolisme et l'Impressionisme
67%
XX (20e) Mouvement artistique (2) L'Existentialisme
67%
XV (15e) Mouvement artistique (1) L'humanisme
67%
XX (20e) Auteur-e important-e Marcel Proust
67%
XVI (16e) Auteur-e important-e Michel de Montaigne
67%
XVIII (18e) Évènement historique Révolution française
67%
XVIII (18e) Auteur-e important-e Voltaire
67%
XIX (19e) Découverte scientifique Découverte de l'évolution par Charles Darwin
33%
XVII (17e) Œuvre importante "La Princesse de Clèves" de Mme de Lafayette
33%
XX (20e) Œuvre importante "L'Etranger" d'Albert Camus
33%
XVI (16e) Évènement historique Massacre de la Saint-Barthélemy
33%
XVII (17e) Auteur-e important-e René Descartes
33%
Aucun quiz correspondant
Distribution des résultats
% des personnes avec chaque résultat
Percentile par nombre de réponses
Votre historique - résultats
Vous n’avez pas pris ce quiz